Представление документа в формате MARC21

Поле Инд. ПП Название Значение
Тип записи a
Библиографический уровень a
001 Контрольный номер AdmiBIBL00008854AdmiBIBL-d831-49
005 Дата корректировки 20180409143858.2
008 Кодируемые данные 021114
040 a Служба первич. каталог. НБ ТвГУ
041 a Код языка текста rus
080 a Индекс УДК 337.5:37(470.331)
091 a Индекс ББК (DOS) Ч474(2РОС)
098 b Факультет Исторический
c Кафедра историографии и источниковедения
100 1_ a Автор Новикова Н. С.
245 10 a Заглавие Первые шаги Тверского земства по развитию народного образования
650 a Основная рубрика Образование
650 a Основная рубрика История народного образования в России
650 a Основная рубрика Тверская губерния
650 a Основная рубрика Земство
653 a Ключевые слова Земские школы
a Ключевые слова Земство
a Ключевые слова История народного образования
a Ключевые слова Тверская губерния
a Ключевые слова Труды Тверского государственного университета
700 1_ a Другие авторы Ильина Т. А.
e Роль лиц отв. ред.
773 w Контрольный № источника 7a3709a3-e160-4d5d-a363-a1b30b170704
t Название источника Традиции российской школы: история и современность: (К 130-летию Твер. земской женской учител. шк. им. П.П. Максимовича): Материалы юбил. науч.-метод. конф., 1 дек. 2000 г., Тверь
d Место и дата издания Тверь: ТвГУ, 2002.
g Прочая информация С. 4-11
852 h Классифик. часть индекса Ч474(2РОС)
i Расстановочный признак Т65
856 u URL http://texts.lib.tversu.ru/texts2/0000784t.pdf
x Примечание для ЭОР Реестр суммарного учета сетевых локальных документов
901 t Тип документа a
930 a Новая/Ретро полный текст
999 a Подразделение 2 ч.з.
a Подразделение 2 аб.
a Подразделение 2 ОРК